000 00888 a2200277 4500
003 CBULib
005 20250122085843.0
008 241017b |||||||| |||| 00| 0 eng d
020 _a9780323443449
040 _bEnglish
_cCBULib
_erda
041 _aeng
050 _aSF 911 Fos
100 _aFossum, Theresa Welch
245 _aSmall animal surgery
_c/ by Theresa Welch Fossum; Jane Cho; Curtis W. Dewey; Kei Hayashi; Catriona M. MacPhail and Jane E. Quandt
250 _aFifth edition
260 _bElsevier,
_c2019
_aPhiladephia :
300 _axv, 1568 pages : illustrations
336 _2rdacontent
_aText |
_btxt
337 _2rdamedia
_aUnmediated |
_bn
338 _2rdacarrier
_aVolume
_bnc
650 0 _93741
_aSURGERY, VETERINARY
650 0 _93742
_aANIMAL DISEASE -- SURGERY
700 _93743
_aCho, Jane
700 _93744
_aDewey, Curtis W.
942 _2lcc
_c002
999 _c85654
_d85654